MARC details
| 000 -LEADER |
| campo de control de longitud fija |
01551nam a2200313Ia 4500 |
| 000 - LEADER |
| campo de control de longitud fija |
nam a22 i 4500 |
| 001 - NÚMERO DE CONTROL |
| campo de control |
UNACH-7338 |
| 007 - CAMPO FIJO DE DESCRIPCIÓN FÍSICA--INFORMACIÓN GENERAL |
| campo de control de longitud fija |
ta |
| 008 - DATOS DE LONGITUD FIJA--INFORMACIÓN GENERAL |
| campo de control de longitud fija |
221212s ||||fr|||| 00| | spa d |
| 020 ## - NÚMERO INTERNACIONAL ESTÁNDAR DEL LIBRO |
| Número Internacional Estándar del Libro |
978-6-07-768612-5 |
| 041 0# - CÓDIGO DE IDIOMA |
| Código de lengua del texto/banda sonora o título independiente |
spa |
| 082 04 - NÚMERO DE LA CLASIFICACIÓN DECIMAL DEWEY |
| Número de clasificación |
070.4 |
| Número de ítem |
Periodismo |
| 100 1# - ENTRADA PRINCIPAL--NOMBRE DE PERSONA |
| Nombre de persona |
López Hidalgo, Antonio, |
| Término indicativo de función/relación |
autor |
| 245 10 - MENCIÓN DEL TÍTULO |
| Título |
El titular : |
| Resto del título |
Manual de titulación periodística. |
| 264 31 - PRODUCCIÓN, PUBLICACIÓN, DISTRIBUCIÓN, FABRICACIÓN Y COPYRIGHT |
| Producción, publicación, distribución, fabricación y copyright |
México : |
| Nombre del de productor, editor, distribuidor, fabricante |
Alfaomega Grupo Editor S.A, |
| Fecha de producción, publicación, distribución, fabricación o copyright |
2009 |
| 300 ## - DESCRIPCIÓN FÍSICA |
| Extensión |
199 páginas |
| 336 ## - TIPO DE CONTENIDO |
| Término de tipo de contenido |
texto |
| Código de tipo de contenido |
txt |
| Fuente |
rdacontent |
| 337 ## - TIPO DE MEDIO |
| Nombre/término del tipo de medio |
no mediado |
| Código del tipo de medio |
n |
| Fuente |
rdamedia |
| 338 ## - TIPO DE SOPORTE |
| Nombre/término del tipo de soporte |
volumen |
| Código del tipo de soporte |
nc |
| Fuente |
rdacarrier |
| 504 ## - NOTA DE BIBLIOGRAFÍA, ETC. |
| Nota de bibliografía, etc. |
Incluye Contenido, Referencias biblográficas |
| 505 0# - NOTA DE CONTENIDO CON FORMATO |
| Nota de contenido con formato |
El titular.-- El titular en la prensa, en sus ediciones digitales y en los medios audiovisuales 57.-- Un titular para cada género periodístico.-- Títulos con trampa, títulos con gracia |
| 520 3# - RESUMEN, ETC. |
| Sumario, etc. |
El Titular. A lo largo de las páginas que integran este volumen se estudia el uso de los titulares en cada uno de los géneros periodísticos contemporáneos; la adaptación del titular a los formatos periodísticos actuales: prensa, televisión, radio y los nuevos soportes digitales; se exponen las diferentes tipologías de titulares; los problemas que condicionan su uso; los elementos que integran y configuran la titulación de un texto periodístico y la función que cumplen cada uno de ellos. |
| 650 14 - PUNTO DE ACCESO ADICIONAL DE MATERIA--TÉRMINO DE MATERIA |
| Término de materia o nombre geográfico como elemento de entrada |
PRENSA |
| 650 24 - PUNTO DE ACCESO ADICIONAL DE MATERIA--TÉRMINO DE MATERIA |
| Término de materia o nombre geográfico como elemento de entrada |
MEDIOS DE COMUNICACIÓN DE MASAS |
| 650 24 - PUNTO DE ACCESO ADICIONAL DE MATERIA--TÉRMINO DE MATERIA |
| Término de materia o nombre geográfico como elemento de entrada |
SISTEMATIZACIÓN |
| 653 0# - TÉRMINO DE INDIZACIÓN--NO CONTROLADO |
| Término no controlado |
Periodismo. |
| 942 ## - ELEMENTOS DE ENTRADA SECUNDARIOS (KOHA) |
| Fuente del sistema de clasificación o colocación |
Clasificación Decimal Dewey |
| Tipo de ítem Koha |
Libros |
| Suprimir en OPAC |
No |